Cuentos infantiles

Guardat en:
Dades bibliogràfiques
Format: Text
Etiquetes: Afegir etiqueta
Sense etiquetes, Sigues el primer a etiquetar aquest registre!

MARC

LEADER 00000 a a2200000 04500
001 45679
003
040
245 |a Cuentos infantiles  
773 |g número505 ( , 2012), 122 páginas  
999 |c 30878  |d 30878